Komunikasi berkesan : perhubungan interpersonal

Bibliographic Details
Main Author: Maimunah Osman
Format: Book
Published: Kuala Lumpur : Institut Tadbiran Awam Negara, , 2000
Series:Siri pengurusan INTAN
Subjects:

MARC

LEADER 00000cam a2200000 7i4500
001 0000003207
005 20050315.0
020 0 0 |a 9679933741 
090 0 0 |a 302.2   |b MAI 
100 0 0 |a Maimunah Osman 
245 0 0 |a Komunikasi berkesan :   |b perhubungan interpersonal   |c Maimunah Osman 
260 0 0 |a Kuala Lumpur :   |b Institut Tadbiran Awam Negara, ,   |c 2000 
300 |a vii, 110ms. :   |b il. ;   |c 21cm. 
440 0 0 |a Siri pengurusan INTAN 
650 0 0 |a Communication 
650 0 0 |a Interpersonal communication 
650 0 0 |a Public speaking 
999 |a 0000006167   |b Monograph   |c Open Shelf   |e Default branch